000 01049nas a2200325 4500
001 BR2012008687
003 BR-BrBNA
005 20231205121429.0
007 ta
008 230509b bl.|||p| |||| 00| 00por d
040 _aBR-BrBNA
_bpor
_cBiblioteca Nacional de Agricultura
041 _a(Pt)
072 _aL70
100 1 _aPellegrino, A.
100 1 _aYamaki, F.L.
100 1 _aPereira, R.C. e
100 1 _aOliveira, V.M. de
100 1 _aLarsson, M.H.M.A.
245 1 _aPadronização de parâmetros eletrocardiográficos de cães da raça golden retriever clinicamente sadios
246 1 _aStandardization of electrocardiographic parameters in healthy golden retrievers dogs
650 _aCÃO
650 _aVETERINÁRIA
650 _aELETROCARDIOGRAFIA
650 _aCORAÇÃO
650 _aANÁLISE
650 _aMÚSCULO
773 0 _tPesquisa Veterinária Brasileira (Brazil)
_xISSN 0100-736X
_g(Dec 2010), v. 30(12) p. 1083-1088
_wBR2012008687
909 _a202311
_bLúcia
_c55
_dLúcia Elande
942 _2AGRIS
_n0
_cANA
999 _c223532
_d223532